Remontées mécaniques de La Clusaz-Manigod - Statistiques

Statistiques générales
  • Ce quiz a été pris 11 fois
  • Le résultat moyen est 17 sur 46
Statistiques - réponses
Type de quiz Nom % Correct
TCD12 Balme
78%
TSF4 Aiguille
67%
TSCD6-10 Bossonnet
67%
TSF4 Col de Balme
67%
TSF3 Bergerie
56%
TSD6 Crêt du Loup
56%
TSD6 Crêt du Merle
56%
TCD10 Patinoire
56%
TKE Torchère
56%
TCD8 Beauregard
44%
TSF2 Croix Fry
44%
TCD16 Fernuy
44%
TSF4 P'tit Loup
44%
TPH Transval
44%
TKE Aiglons
33%
TKD Baby
33%
TSF4 Belvédère
33%
TSF4 Chevreuil
33%
TSD2 Combe des Juments
33%
TSF2 Crête Blanche
33%
TSCD6-8 Etale
33%
TKD Etrivaz
33%
TKD Grand Chamois
33%
TKD Grand Choucas
33%
TSF4 Grenêche
33%
TKD Merle
33%
TKE Nant
33%
TKD Névé
33%
TKD Petit Chamois
33%
TKD Petit Choucas
33%
TKD Stade
33%
TKE Blanchot
22%
TKE Ceutire
22%
TKE Champ Bleu
22%
TKD Chevrette
22%
TKE Etoile des Neiges
22%
TKD Grand Crêt
22%
TKD Louveteau
22%
TKE P'tit Bossonnet
22%
TKD Rhodos
22%
TKD Riffroids
22%
TKD Rosières
22%
TSF4 Tête de Cabeau
22%
TKF U'Fredy
22%
TKD Grands Laquais
11%
TKD Juments 2000
11%
Aucun quiz correspondant
Distribution des résultats
% des personnes avec chaque résultat
Percentile par nombre de réponses
Votre historique - résultats
Vous n’avez pas pris ce quiz